Central Library OPAC University of Rajshahi

Gopal Ghose / (Record no. 19250)

MARC details
000 -LEADER
fixed length control field 00783nam a2200253 a 4500
001 - CONTROL NUMBER
control field 19250
003 - CONTROL NUMBER IDENTIFIER
rucl marc code BD-RjUL
005 - DATE AND TIME OF LATEST TRANSACTION
control field 20211209000415.0
008 - FIXED-LENGTH DATA ELEMENTS--GENERAL INFORMATION
fixed length control field 140223s1966 ii ac 000 0beng
035 ## - SYSTEM CONTROL NUMBER
System control number (BD-RjUL)19308
System control number (BD-RjUL)
040 ## - CATALOGING SOURCE
Original cataloging agency LC
Language of cataloging eng
Transcribing agency LC
Modifying agency BD-RjUL
041 ## - LANGUAGE CODE
Language code of text/sound track or separate title eng
082 04 - DEWEY DECIMAL CLASSIFICATION NUMBER
Classification number 760.0924
Author mark and year GHG 1966
100 1# - MAIN ENTRY--PERSONAL NAME
Personal name Ghose,Gopal.
9 (RLIN) 59239
245 00 - TITLE STATEMENT
Title Gopal Ghose /
Statement of responsibility, etc. Editor: Jaya Appasamy, assistant editor: S. A. Krishnan.
260 ## - PUBLICATION, DISTRIBUTION, ETC. (IMPRINT)
Place of publication, distribution, etc. New Delhi :
Name of publisher, distributor, etc. Lalit Kala Akademi, India,
Date of publication, distribution, etc. 1966.
300 ## - PHYSICAL DESCRIPTION
Pagination 1 v. (chiefly illus. (part col.) :
Illustrations port. ;
Size 18 cm.
490 0# - SERIES STATEMENT
Series statement Contemporary Indian art series
700 1# - ADDED ENTRY--PERSONAL NAME
Personal name Appasamy, Jaya,
Dates associated with a name 1918-,
Relator term ed.
Personal name Krishnan, S. A.,
Dates associated with a name 1926-,
Relator term ed.
942 ## - ADDED ENTRY ELEMENTS (KOHA)
Source of classification or shelving scheme Dewey Decimal Classification
Koha item type Books
Holdings
Lost status Source of classification or shelving scheme Damaged status Not for loan Collection code Permanent Location Current Location Shelving location Date acquired Source of acquisition Cost, normal purchase price Total Checkouts Full call number Date last seen Copy number Koha item type
  Dewey Decimal Classification   Not For Loan Non-fiction Central Library, University of Rajshahi Central Library, University of Rajshahi Reading Room 19/06/1974 India Gift. 0.00   760.0924 GHG 1966 23/02/2014 C-1 Books